Calculus (Record no. 18794)
[ view plain ]
| 000 -LEADER | |
|---|---|
| fixed length control field | 00360nam a22001337a 4500 |
| 008 - FIXED-LENGTH DATA ELEMENTS--GENERAL INFORMATION | |
| fixed length control field | 210212b xxu||||| |||| 00| 0 eng d |
| 050 ## - LIBRARY OF CONGRESS CALL NUMBER | |
| Classification number | QA303 |
| Item number | .S77 2017 c.1 |
| 100 ## - MAIN ENTRY--PERSONAL NAME | |
| Personal name | Strang, Gilbert |
| 245 ## - TITLE STATEMENT | |
| Title | Calculus |
| Statement of responsibility, etc. | Gilbert Strang |
| 260 ## - PUBLICATION, DISTRIBUTION, ETC. (IMPRINT) | |
| Place of publication, distribution, etc. | USA |
| Name of publisher, distributor, etc. | Wellesley, Cambridge Press |
| Date of publication, distribution, etc. | 2017 |
| 300 ## - PHYSICAL DESCRIPTION | |
| Extent | 5 vol(various paging) |
| 650 ## - SUBJECT ADDED ENTRY--TOPICAL TERM | |
| Topical term or geographic name as entry element | Calculus |
| 942 ## - ADDED ENTRY ELEMENTS (KOHA) | |
| Source of classification or shelving scheme | Library of Congress Classification |
| Koha item type | General Collection |
| Withdrawn status | Lost status | Source of classification or shelving scheme | Not for loan | Home library | Current library | Date acquired | Cost, normal purchase price | Total Checkouts | Total Renewals | Full call number | Barcode | Date last seen | Date last checked out | Price effective from | Koha item type |
|---|---|---|---|---|---|---|---|---|---|---|---|---|---|---|---|
| Library of Congress Classification | Kabarak, Main Campus | Kabarak, Main Campus | 12/02/2021 | 11305.00 | 3 | 1 | QA303 .S77 2017 c.1 | 029552 | 11/11/2021 | 01/11/2021 | 12/02/2021 | General Collection | |||
| Library of Congress Classification | Kabarak, Main Campus | Kabarak, Main Campus | 12/02/2021 | 11305.00 | 3 | QA303 .S77 2017 c.2 | 029553 | 27/04/2021 | 26/04/2021 | 12/02/2021 | General Collection | ||||
| Library of Congress Classification | Kabarak, Main Campus | Kabarak, Main Campus | 12/02/2021 | 11305.00 | 4 | 2 | QA303 .S77 2017 c.3 | 029554 | 20/07/2023 | 11/07/2023 | 12/02/2021 | General Collection | |||
| Library of Congress Classification | Kabarak, Nakuru City Campus | Kabarak, Nakuru City Campus | 12/02/2021 | 11305.00 | QA303 .S77 2017 c.1 | 029555 | 12/02/2021 | 12/02/2021 | General Collection | ||||||
| Library of Congress Classification | Kabarak, Nakuru City Campus | Kabarak, Nakuru City Campus | 12/02/2021 | 11305.00 | 1 | 1 | QA303 .S77 2017 c.2 | 029556 | 16/07/2021 | 30/06/2021 | 12/02/2021 | General Collection |